| 000 | 01106nmc a2200385 a 4500 | ||
|---|---|---|---|
| 003 | AR-BaBNM | ||
| 005 | 20251128205506.0 | ||
| 008 | 011101s1995 ||||||||||||||000 | spa|| | ||
| 020 | _a84-7827-125-2 | ||
| 040 | _cAR-BaBNM | ||
| 100 | 1 | _aZabala Vidiella, Antoni | |
| 245 | 1 | 0 |
_aLa práctica educativa _bcómo enseñar |
| 250 | _a1ª ed. | ||
| 260 |
_aBarcelona _bGraó _c1995 |
||
| 300 |
_a235 p. _bdiagr. |
||
| 490 | 0 |
_aEl lápiz _vv. 12 |
|
| 504 | _aContiene bibliografía al final de cada capítulo | ||
| 650 | 4 | _aTEORIAS DEL APRENDIZAJE | |
| 650 | 4 | _aCURRICULO | |
| 650 | 4 | _aORGANIZACION DEL CURSO | |
| 650 | 4 | _aMATERIAL DIDACTICO | |
| 650 | 4 | _aRELACION ALUMNO-DOCENTE | |
| 650 | 4 | _aENSEÑANZA EN GRUPO | |
| 650 | 4 | _aDINAMICA DE GRUPO | |
| 650 | 4 | _aMODALIDAD DE AGRUPAMIENTO | |
| 650 | 4 | _aAGRUPAMIENTO HETEROGENEO | |
| 650 | 4 | _aROL DEL DOCENTE | |
| 650 | 4 | _aEVALUACION DEL ALUMNO | |
| 650 | 4 | _aCRITERIOS DE EVALUACION | |
| 653 | _aCONSTRUCTIVISMO | ||
| 653 | _aPROCESO DE ENSENANZA-APRENDIZAJE | ||
| 800 | 1 |
_aPujol, María _edirector |
|
| 942 | _cBK | ||
| 998 | _csilvi | ||
| 999 |
_c11614 _d11614 |
||